[Event "8th Vellmar Chess Days"]
[Site "chess24.com"]
[Date "2016.07.29"]
[Round "3"]
[White "Heckmann, Torsten"]
[Black "Fischer, Andreas"]
[Result "1/2-1/2"]
[Board "47"]
[WhiteElo "1928"]
[WhiteTeam "SVG Caissa Kassel"]
[WhiteCountry "GER"]
[WhiteFideId "24653896"]
[WhiteEloChange "-2"]
[BlackElo "1859"]
[BlackTeam "SK Bad Sooden-Allendorf"]
[BlackCountry "GER"]
[BlackFideId "1270053"]
[BlackEloChange "2"]

1. e4 {[%clk 1:30:30]} c5 {[%clk 1:30:30]} 2. Nf3 {[%clk 1:30:30]} e6 {[%clk
1:30:30]} 3. d4 {[%clk 1:30:30]} cxd4 {[%clk 1:30:30]} 4. Nxd4 {[%clk 1:30:30]}
a6 {[%clk 1:30:30]} 5. g3 {[%clk 1:30:30]} Nf6 {[%clk 1:30:30]} 6. Bg2 {[%clk
1:30:30]} Nc6 {[%clk 1:30:30]} 7. O-O {[%clk 1:30:30]} Qc7 {[%clk 1:30:30]} 8.
Nc3 {[%clk 1:30:30]} Be7 {[%clk 1:30:30]} 9. Be3 {[%clk 1:30:30]} O-O {[%clk
1:30:30]} 10. a4 {[%clk 1:30:30]} b6 {[%clk 1:30:30]} 11. f4 {[%clk 1:30:30]} Bb7
{[%clk 1:30:30]} 12. Qe2 {[%clk 1:30:30]} Nxd4 {[%clk 1:30:30]} 13. Bxd4 {[%clk
1:30:30]} Bc5 {[%clk 1:30:30]} 14. Rad1 {[%clk 1:30:30]} Rfd8 {[%clk 1:30:30]}
15. Kh1 {[%clk 1:30:30]} Bxd4 {[%clk 1:30:30]} 16. Rxd4 {[%clk 1:30:30]} Rac8
{[%clk 1:30:30]} 17. Rfd1 {[%clk 1:30:30]} d5 {[%clk 1:30:30]} 18. exd5 {[%clk
1:30:30]} exd5 {[%clk 1:30:30]} 19. Kg1 {[%clk 1:30:30]} Re8 {[%clk 1:30:30]} 20.
Qd3 {[%clk 1:30:30]} Qc5 {[%clk 1:30:30]} 21. Qf5 {[%clk 1:30:30]} Re1+ {[%clk
1:30:30]} 22. Rxe1 {[%clk 1:30:30]} Qxd4+ {[%clk 1:30:30]} 23. Kh1 {[%clk
1:30:30]} g6 {[%clk 1:30:30]} 24. Qe5 {[%clk 1:30:30]} Qxe5 {[%clk 1:30:30]} 25.
Rxe5 {[%clk 1:30:30]} Kf8 {[%clk 1:30:30]} 26. Kg1 {[%clk 1:30:30]} Rd8 {[%clk
1:30:30]} 27. h3 {[%clk 1:30:30]} Nd7 {[%clk 1:30:30]} 28. Re2 {[%clk 1:30:30]}
Nf6 {[%clk 1:30:30]} 29. Kf2 {[%clk 1:30:30]} Rd6 {[%clk 1:30:30]} 30. Ke1 {[%clk
1:30:30]} Re6 {[%clk 1:30:30]} 31. Kd2 {[%clk 1:30:30]} Ke7 {[%clk 1:30:30]} 32.
Kd3 {[%clk 1:30:30]} 1/2-1/2

[Event "8th Vellmar Chess Days"]
[Site "chess24.com"]
[Date "2016.07.29"]
[Round "3"]
[White "Baumann, Marcel"]
[Black "Boerma, Daniel"]
[Result "0-1"]
[Board "48"]
[WhiteElo "1831"]
[WhiteTeam "SC Papenburg"]
[WhiteCountry "GER"]
[WhiteFideId "12974668"]
[WhiteEloChange "-7"]
[BlackElo "1926"]
[BlackTeam "SC Papenburg"]
[BlackCountry "GER"]
[BlackFideId "12965715"]
[BlackEloChange "7"]

1. e4 {[%clk 1:30:30]} d6 {[%clk 1:30:30]} 2. d4 {[%clk 1:30:30]} Nf6 {[%clk
1:30:30]} 3. Nc3 {[%clk 1:30:30]} g6 {[%clk 1:30:30]} 4. f4 {[%clk 1:30:30]} Bg7
{[%clk 1:30:30]} 5. Nf3 {[%clk 1:30:30]} Bg4 {[%clk 1:30:30]} 6. Be2 {[%clk
1:30:30]} O-O {[%clk 1:30:30]} 7. O-O {[%clk 1:30:30]} c6 {[%clk 1:30:30]} 8. h3
{[%clk 1:30:30]} Bxf3 {[%clk 1:30:30]} 9. Bxf3 {[%clk 1:30:30]} Nfd7 {[%clk
1:30:30]} 10. Kh2 {[%clk 1:30:30]} Na6 {[%clk 1:30:30]} 11. g4 {[%clk 1:30:30]}
c5 {[%clk 1:30:30]} 12. Be3 {[%clk 1:30:30]} Rb8 {[%clk 1:30:30]} 13. f5 {[%clk
1:30:30]} b5 {[%clk 1:30:30]} 14. Qd2 {[%clk 1:30:30]} Nb4 {[%clk 1:30:30]} 15.
a3 {[%clk 1:30:30]} Nxc2 {[%clk 1:30:30]} 16. Bh6 {[%clk 1:30:30]} Nxd4 {[%clk
1:30:30]} 17. Bd1 {[%clk 1:30:30]} Ne5 {[%clk 1:30:30]} 18. h4 {[%clk 1:30:30]}
Nc4 {[%clk 1:30:30]} 19. Qc1 {[%clk 1:30:30]} Ne5 {[%clk 1:30:30]} 20. h5 {[%clk
1:30:30]} Nd3 {[%clk 1:30:30]} 21. Qd2 {[%clk 1:30:30]} Be5+ {[%clk 1:30:30]} 22.
Kh1 {[%clk 1:30:30]} c4 {[%clk 1:30:30]} 23. fxg6 {[%clk 1:30:30]} hxg6 {[%clk
1:30:30]} 24. hxg6 {[%clk 1:30:30]} f6 {[%clk 1:30:30]} 25. Qg2 {[%clk 1:30:30]}
Qe8 {[%clk 1:30:30]} 26. Bxf8 {[%clk 1:30:30]} Kxf8 {[%clk 1:30:30]} 27. Nd5
{[%clk 1:30:30]} Qxg6 {[%clk 1:30:30]} 28. g5 {[%clk 1:30:30]} Kf7 {[%clk
1:30:30]} 29. Qh3 {[%clk 1:30:30]} Qxe4+ {[%clk 1:30:30]} 30. Bf3 {[%clk
1:30:30]} Nxf3 {[%clk 1:30:30]} 31. Rxf3 {[%clk 1:30:30]} Nf2+ {[%clk 1:30:30]}
0-1

[Event "8th Vellmar Chess Days"]
[Site "chess24.com"]
[Date "2016.07.29"]
[Round "3"]
[White "Beyer, Nils"]
[Black "Mao, Yvonne"]
[Result "1/2-1/2"]
[Board "50"]
[WhiteElo "1875"]
[WhiteTeam "SVG Caissa Kassel"]
[WhiteCountry "GER"]
[WhiteFideId "12995355"]
[WhiteEloChange "-4"]
[BlackElo "1733"]
[BlackTeam "SK Gernsheim"]
[BlackCountry "GER"]
[BlackFideId "12942561"]
[BlackEloChange "4"]

1. d4 {[%clk 1:30:30]} Nf6 {[%clk 1:30:30]} 2. c4 {[%clk 1:30:30]} c5 {[%clk
1:30:30]} 3. d5 {[%clk 1:30:30]} b5 {[%clk 1:30:30]} 4. cxb5 {[%clk 1:30:30]} a6
{[%clk 1:30:30]} 5. bxa6 {[%clk 1:30:30]} Bxa6 {[%clk 1:30:30]} 6. Nc3 {[%clk
1:30:30]} d6 {[%clk 1:30:30]} 7. Nf3 {[%clk 1:30:30]} g6 {[%clk 1:30:30]} 8. g3
{[%clk 1:30:30]} Bg7 {[%clk 1:30:30]} 9. Bg2 {[%clk 1:30:30]} Nbd7 {[%clk
1:30:30]} 10. Rb1 {[%clk 1:30:30]} O-O {[%clk 1:30:30]} 11. O-O {[%clk 1:30:30]}
Qa5 {[%clk 1:30:30]} 12. Bd2 {[%clk 1:30:30]} Rfb8 {[%clk 1:30:30]} 13. b3 {[%clk
1:30:30]} Ng4 {[%clk 1:30:30]} 14. h3 {[%clk 1:30:30]} Nxf2 {[%clk 1:30:30]} 15.
Rxf2 {[%clk 1:30:30]} Bxc3 {[%clk 1:30:30]} 16. Qc2 {[%clk 1:30:30]} Bxd2 {[%clk
1:30:30]} 17. Nxd2 {[%clk 1:30:30]} Nf6 {[%clk 1:30:30]} 18. a4 {[%clk 1:30:30]}
Rb4 {[%clk 1:30:30]} 19. Ra1 {[%clk 1:30:30]} Rab8 {[%clk 1:30:30]} 20. e3 {[%clk
1:30:30]} Nd7 {[%clk 1:30:30]} 21. Rf4 {[%clk 1:30:30]} Ne5 {[%clk 1:30:30]} 22.
Rxb4 {[%clk 1:30:30]} Qxb4 {[%clk 1:30:30]} 23. Bf1 {[%clk 1:30:30]} Bb7 {[%clk
1:30:30]} 24. Bg2 {[%clk 1:30:30]} Nd7 {[%clk 1:30:30]} 25. Kh2 {[%clk 1:30:30]}
Nf6 {[%clk 1:30:30]} 26. e4 {[%clk 1:30:30]} Qd4 {[%clk 1:30:30]} 27. Rc1 {[%clk
1:30:30]} Ba6 {[%clk 1:30:30]} 28. Qc3 {[%clk 1:30:30]} Rb4 {[%clk 1:30:30]} 29.
Qxd4 {[%clk 1:30:30]} Rxd4 {[%clk 1:30:30]} 30. Rc2 {[%clk 1:30:30]} Bd3 {[%clk
1:30:30]} 31. Ra2 {[%clk 1:30:30]} Nxe4 {[%clk 1:30:30]} 32. Bxe4 {[%clk
1:30:30]} Bxe4 {[%clk 1:30:30]} 33. Nxe4 {[%clk 1:30:30]} Rxe4 {[%clk 1:30:30]}
34. Kg2 {[%clk 1:30:30]} Kg7 {[%clk 1:30:30]} 35. Kf3 {[%clk 1:30:30]} Rb4 {[%clk
1:30:30]} 36. Ra3 {[%clk 1:30:30]} Kf6 {[%clk 1:30:30]} 37. a5 {[%clk 1:30:30]}
Rb7 {[%clk 1:30:30]} 38. Ke4 {[%clk 1:30:30]} g5 {[%clk 1:30:30]} 39. Kd3 {[%clk
1:30:30]} Ke5 {[%clk 1:30:30]} 40. a6 {[%clk 1:30:30]} Ra7 {[%clk 1:30:30]} 41.
Kc4 {[%clk 1:30:30]} Ra8 {[%clk 1:30:30]} 42. Kb5 {[%clk 1:30:30]} Kxd5 {[%clk
1:30:30]} 43. Kb6 {[%clk 1:30:30]} e5 {[%clk 1:30:30]} 44. Kb7 {[%clk 1:30:30]}
Re8 {[%clk 1:30:30]} 45. a7 {[%clk 1:30:30]} e4 {[%clk 1:30:30]} 46. a8Q {[%clk
1:30:30]} Rxa8 {[%clk 1:30:30]} 47. Rxa8 {[%clk 1:30:30]} e3 {[%clk 1:30:30]} 48.
Re8 {[%clk 1:30:30]} Kd4 {[%clk 1:30:30]} 49. Kc6 {[%clk 1:30:30]} d5 {[%clk
1:30:30]} 50. Rd8 {[%clk 1:30:30]} e2 {[%clk 1:30:30]} 51. Rxd5+ {[%clk 1:30:30]}
Ke4 {[%clk 1:30:30]} 52. Rd7 {[%clk 1:30:30]} f5 {[%clk 1:30:30]} 53. Kxc5 {[%clk
1:30:30]} f4 {[%clk 1:30:30]} 54. Re7+ {[%clk 1:30:30]} Kf3 {[%clk 1:30:30]} 55.
gxf4 {[%clk 1:30:30]} gxf4 {[%clk 1:30:30]} 56. b4 {[%clk 1:30:30]} Kf2 {[%clk
1:30:30]} 57. Kd4 {[%clk 1:30:30]} f3 {[%clk 1:30:30]} 58. b5 {[%clk 1:30:30]}
e1Q {[%clk 1:30:30]} 59. Rxe1 {[%clk 1:30:30]} Kxe1 {[%clk 1:30:30]} 60. b6
{[%clk 1:30:30]} f2 {[%clk 1:30:30]} 61. b7 {[%clk 1:30:30]} f1Q {[%clk 1:30:30]}
62. b8Q {[%clk 1:30:30]} Qf2+ {[%clk 1:30:30]} 63. Kc4 {[%clk 1:30:30]} Qe2+
{[%clk 1:30:30]} 64. Kd4 {[%clk 1:30:30]} 1/2-1/2

[Event "8th Vellmar Chess Days"]
[Site "chess24.com"]
[Date "2016.07.29"]
[Round "3"]
[White "Marzec, Witold"]
[Black "Poelig, Juergen"]
[Result "0-1"]
[Board "51"]
[WhiteElo "1777"]
[WhiteTeam "vereinslos"]
[WhiteCountry "GER"]
[WhiteFideId "1270680"]
[WhiteEloChange "-7"]
[BlackElo "1874"]
[BlackTeam "SV Caissa Wolfenbüttel"]
[BlackCountry "GER"]
[BlackFideId "24661686"]
[BlackEloChange "7"]

1. d4 {[%clk 1:30:30]} e6 {[%clk 1:30:30]} 2. c4 {[%clk 1:30:30]} d5 {[%clk
1:30:30]} 3. g3 {[%clk 1:30:30]} c5 {[%clk 1:30:30]} 4. e3 {[%clk 1:30:30]} Nf6
{[%clk 1:30:30]} 5. Bg2 {[%clk 1:30:30]} Nc6 {[%clk 1:30:30]} 6. cxd5 {[%clk
1:30:30]} exd5 {[%clk 1:30:30]} 7. Nf3 {[%clk 1:30:30]} Be7 {[%clk 1:30:30]} 8.
O-O {[%clk 1:30:30]} Bg4 {[%clk 1:30:30]} 9. Nc3 {[%clk 1:30:30]} O-O {[%clk
1:30:30]} 10. h3 {[%clk 1:30:30]} Bh5 {[%clk 1:30:30]} 11. Qd2 {[%clk 1:30:30]}
Ne4 {[%clk 1:30:30]} 12. Qd1 {[%clk 1:30:30]} cxd4 {[%clk 1:30:30]} 13. exd4
{[%clk 1:30:30]} Bf6 {[%clk 1:30:30]} 14. g4 {[%clk 1:30:30]} Bg6 {[%clk
1:30:30]} 15. Be3 {[%clk 1:30:30]} Re8 {[%clk 1:30:30]} 16. Qb3 {[%clk 1:30:30]}
Na5 {[%clk 1:30:30]} 17. Qd1 {[%clk 1:30:30]} Nc4 {[%clk 1:30:30]} 18. Qc1 {[%clk
1:30:30]} Rc8 {[%clk 1:30:30]} 19. Re1 {[%clk 1:30:30]} h6 {[%clk 1:30:30]} 20.
Bf1 {[%clk 1:30:30]} Nxe3 {[%clk 1:30:30]} 21. fxe3 {[%clk 1:30:30]} Qd6 {[%clk
1:30:30]} 22. Bg2 {[%clk 1:30:30]} Qg3 {[%clk 1:30:30]} 23. Rf1 {[%clk 1:30:30]}
Ng5 {[%clk 1:30:30]} 24. Qd2 {[%clk 1:30:30]} Nxh3+ {[%clk 1:30:30]} 25. Kh1
{[%clk 1:30:30]} Qxg4 {[%clk 1:30:30]} 26. Nxd5 {[%clk 1:30:30]} Rc2 {[%clk
1:30:30]} 27. Nxf6+ {[%clk 1:30:30]} gxf6 {[%clk 1:30:30]} 28. Nh2 {[%clk
1:30:30]} Qg5 {[%clk 1:30:30]} 29. Qxc2 {[%clk 1:30:30]} Bxc2 {[%clk 1:30:30]}
30. Bxh3 {[%clk 1:30:30]} Be4+ {[%clk 1:30:30]} 31. Nf3 {[%clk 1:30:30]} Qxe3
{[%clk 1:30:30]} 32. Bg2 {[%clk 1:30:30]} Bxf3 {[%clk 1:30:30]} 33. Bxf3 {[%clk
1:30:30]} Qxd4 {[%clk 1:30:30]} 34. Rg1+ {[%clk 1:30:30]} Kf8 {[%clk 1:30:30]}
35. Rg3 {[%clk 1:30:30]} Qxb2 {[%clk 1:30:30]} 36. Rag1 {[%clk 1:30:30]} Re5
{[%clk 1:30:30]} 37. Rg8+ {[%clk 1:30:30]} Ke7 {[%clk 1:30:30]} 38. Rd1 {[%clk
1:30:30]} Qxa2 {[%clk 1:30:30]} 39. Rb8 {[%clk 1:30:30]} b6 {[%clk 1:30:30]} 40.
Rc1 {[%clk 1:30:30]} Rc5 {[%clk 1:30:30]} 41. Re1+ {[%clk 1:30:30]} Re5 {[%clk
1:30:30]} 42. Rc1 {[%clk 1:30:30]} Rh5+ {[%clk 1:30:30]} 43. Kg1 {[%clk 1:30:30]}
Qh2+ {[%clk 1:30:30]} 44. Kf1 {[%clk 1:30:30]} Qxb8 {[%clk 1:30:30]} 0-1

[Event "8th Vellmar Chess Days"]
[Site "chess24.com"]
[Date "2016.07.29"]
[Round "3"]
[White "Reichelt, Ole"]
[Black "Kanbach, Mike"]
[Result "1/2-1/2"]
[Board "52"]
[WhiteElo "1738"]
[WhiteTeam "Hamelner SV"]
[WhiteCountry "GER"]
[WhiteFideId "12965073"]
[WhiteEloChange "4"]
[BlackElo "1867"]
[BlackTeam "SP Plesse Bovenden"]
[BlackCountry "GER"]
[BlackFideId "12974536"]
[BlackEloChange "-4"]

1. d4 {[%clk 1:30:30]} e6 {[%clk 1:30:30]} 2. Nf3 {[%clk 1:30:30]} Nf6 {[%clk
1:30:30]} 3. e3 {[%clk 1:30:30]} d5 {[%clk 1:30:30]} 4. Bd3 {[%clk 1:30:30]} c5
{[%clk 1:30:30]} 5. b3 {[%clk 1:30:30]} Nc6 {[%clk 1:30:30]} 6. Bb2 {[%clk
1:30:30]} Bd6 {[%clk 1:30:30]} 7. Nbd2 {[%clk 1:30:30]} Qc7 {[%clk 1:30:30]} 8.
a3 {[%clk 1:30:30]} cxd4 {[%clk 1:30:30]} 9. exd4 {[%clk 1:30:30]} O-O {[%clk
1:30:30]} 10. Qe2 {[%clk 1:30:30]} e5 {[%clk 1:30:30]} 11. dxe5 {[%clk 1:30:30]}
Re8 {[%clk 1:30:30]} 12. O-O {[%clk 1:30:30]} Nxe5 {[%clk 1:30:30]} 13. Nxe5
{[%clk 1:30:30]} Bxe5 {[%clk 1:30:30]} 14. Bxe5 {[%clk 1:30:30]} Rxe5 {[%clk
1:30:30]} 15. Qd1 {[%clk 1:30:30]} Rh5 {[%clk 1:30:30]} 16. Nf3 {[%clk 1:30:30]}
Bg4 {[%clk 1:30:30]} 17. h3 {[%clk 1:30:30]} Bxh3 {[%clk 1:30:30]} 18. gxh3
{[%clk 1:30:30]} Qd7 {[%clk 1:30:30]} 19. h4 {[%clk 1:30:30]} Qg4+ {[%clk
1:30:30]} 20. Kh2 {[%clk 1:30:30]} Qf4+ {[%clk 1:30:30]} 21. Kg2 {[%clk 1:30:30]}
Qg4+ {[%clk 1:30:30]} 22. Kh2 {[%clk 1:30:30]} Qf4+ {[%clk 1:30:30]} 23. Kg2
{[%clk 1:30:30]} Qg4+ {[%clk 1:30:30]} 1/2-1/2

[Event "8th Vellmar Chess Days"]
[Site "chess24.com"]
[Date "2016.07.29"]
[Round "3"]
[White "Woelk, Tom-Frederic"]
[Black "Pabst, Olaf"]
[Result "1-0"]
[Board "53"]
[WhiteElo "1943"]
[WhiteTeam "SC Diogenes"]
[WhiteCountry "GER"]
[WhiteFideId "12993077"]
[WhiteEloChange "3"]
[BlackElo "1613"]
[BlackTeam "SF Korbach"]
[BlackCountry "GER"]
[BlackFideId "24654833"]
[BlackEloChange "-3"]

1. e4 {[%clk 1:30:30]} d5 {[%clk 1:30:30]} 2. exd5 {[%clk 1:30:30]} Nf6 {[%clk
1:30:30]} 3. d4 {[%clk 1:30:30]} Bg4 {[%clk 1:30:30]} 4. f3 {[%clk 1:30:30]} Bf5
{[%clk 1:30:30]} 5. Bb5+ {[%clk 1:30:30]} c6 {[%clk 1:30:30]} 6. dxc6 {[%clk
1:30:30]} Nxc6 {[%clk 1:30:30]} 7. Ne2 {[%clk 1:30:30]} e6 {[%clk 1:30:30]} 8.
O-O {[%clk 1:30:30]} Be7 {[%clk 1:30:30]} 9. Nbc3 {[%clk 1:30:30]} O-O {[%clk
1:30:30]} 10. Be3 {[%clk 1:30:30]} Nb4 {[%clk 1:30:30]} 11. Ba4 {[%clk 1:30:30]}
Nbd5 {[%clk 1:30:30]} 12. Nxd5 {[%clk 1:30:30]} Nxd5 {[%clk 1:30:30]} 13. Bf2
{[%clk 1:30:30]} a6 {[%clk 1:30:30]} 14. c3 {[%clk 1:30:30]} Rc8 {[%clk 1:30:30]}
15. Bc2 {[%clk 1:30:30]} Bxc2 {[%clk 1:30:30]} 16. Qxc2 {[%clk 1:30:30]} Qc7
{[%clk 1:30:30]} 17. Qd2 {[%clk 1:30:30]} Bd6 {[%clk 1:30:30]} 18. Bg3 {[%clk
1:30:30]} Bxg3 {[%clk 1:30:30]} 19. Nxg3 {[%clk 1:30:30]} Qf4 {[%clk 1:30:30]}
20. Qxf4 {[%clk 1:30:30]} Nxf4 {[%clk 1:30:30]} 21. Rad1 {[%clk 1:30:30]} Nd5
{[%clk 1:30:30]} 22. Rfe1 {[%clk 1:30:30]} Nb6 {[%clk 1:30:30]} 23. Ne4 {[%clk
1:30:30]} Nc4 {[%clk 1:30:30]} 24. b3 {[%clk 1:30:30]} Nb6 {[%clk 1:30:30]} 25.
c4 {[%clk 1:30:30]} Rc7 {[%clk 1:30:30]} 26. Kf2 {[%clk 1:30:30]} h6 {[%clk
1:30:30]} 27. a4 {[%clk 1:30:30]} Nd7 {[%clk 1:30:30]} 28. d5 {[%clk 1:30:30]}
exd5 {[%clk 1:30:30]} 29. Rxd5 {[%clk 1:30:30]} Nb6 {[%clk 1:30:30]} 30. Rd6
{[%clk 1:30:30]} Nc8 {[%clk 1:30:30]} 31. Rd4 {[%clk 1:30:30]} Ne7 {[%clk
1:30:30]} 32. Red1 {[%clk 1:30:30]} Nc6 {[%clk 1:30:30]} 33. Rd7 {[%clk 1:30:30]}
Rxd7 {[%clk 1:30:30]} 34. Rxd7 {[%clk 1:30:30]} Rb8 {[%clk 1:30:30]} 35. Nd6
{[%clk 1:30:30]} Rd8 {[%clk 1:30:30]} 36. Rxd8+ {[%clk 1:30:30]} Nxd8 {[%clk
1:30:30]} 37. Ke3 {[%clk 1:30:30]} Kf8 {[%clk 1:30:30]} 38. Kd4 {[%clk 1:30:30]}
Ke7 {[%clk 1:30:30]} 39. Kd5 {[%clk 1:30:30]} Kd7 {[%clk 1:30:30]} 40. f4 {[%clk
1:30:30]} g6 {[%clk 1:30:30]} 41. g4 {[%clk 1:30:30]} f6 {[%clk 1:30:30]} 42. f5
{[%clk 1:30:30]} g5 {[%clk 1:30:30]} 43. h3 {[%clk 1:30:30]} b6 {[%clk 1:30:30]}
44. Ne4 {[%clk 1:30:30]} Ke7 {[%clk 1:30:30]} 45. c5 {[%clk 1:30:30]} 1-0

[Event "8th Vellmar Chess Days"]
[Site "chess24.com"]
[Date "2016.07.29"]
[Round "3"]
[White "Evering, Soeren"]
[Black "Hofschlag, Dirk"]
[Result "1-0"]
[Board "54"]
[WhiteElo "1862"]
[WhiteTeam "SC Papenburg"]
[WhiteCountry "GER"]
[WhiteFideId "12974650"]
[WhiteEloChange "7"]
[BlackElo "1736"]
[BlackTeam "SK Bad Lippspringe"]
[BlackCountry "GER"]
[BlackFideId "12974609"]
[BlackEloChange "-7"]

1. e4 {[%clk 1:30:30]} Nc6 {[%clk 1:30:30]} 2. Nf3 {[%clk 1:30:30]} e6 {[%clk
1:30:30]} 3. d4 {[%clk 1:30:30]} Nce7 {[%clk 1:30:30]} 4. Nc3 {[%clk 1:30:30]} c6
{[%clk 1:30:30]} 5. Be3 {[%clk 1:30:30]} d5 {[%clk 1:30:30]} 6. Bd3 {[%clk
1:30:30]} dxe4 {[%clk 1:30:30]} 7. Nxe4 {[%clk 1:30:30]} Nf5 {[%clk 1:30:30]} 8.
O-O {[%clk 1:30:30]} Nxe3 {[%clk 1:30:30]} 9. fxe3 {[%clk 1:30:30]} Be7 {[%clk
1:30:30]} 10. Ne5 {[%clk 1:30:30]} Nf6 {[%clk 1:30:30]} 11. Ng5 {[%clk 1:30:30]}
O-O {[%clk 1:30:30]} 12. Rxf6 {[%clk 1:30:30]} gxf6 {[%clk 1:30:30]} 13. Qh5
{[%clk 1:30:30]} 1-0

[Event "8th Vellmar Chess Days"]
[Site "chess24.com"]
[Date "2016.07.30"]
[Round "4"]
[White "Wiege, Andre"]
[Black "Meijers, Viesturs"]
[Result "0-1"]
[Board "1"]
[WhiteElo "2085"]
[WhiteCountry "GER"]
[WhiteFideId "4699416"]
[WhiteEloChange "-2"]
[BlackElo "2446"]
[BlackTitle "GM"]
[BlackCountry "LAT"]
[BlackFideId "11600314"]
[BlackEloChange "1"]

1. e4 {[%clk 1:30:58]} c5 {[%clk 1:30:19]} 2. Nf3 {[%clk 1:31:00]} e6 {[%clk
1:30:37]} 3. d4 {[%clk 1:31:03]} cxd4 {[%clk 1:31:03]} 4. Nxd4 {[%clk 1:31:14]}
a6 {[%clk 1:31:28]} 5. Nc3 {[%clk 1:30:24]} b5 {[%clk 1:31:49]} 6. Bd3 {[%clk
1:29:02]} Bb7 {[%clk 1:32:14]} 7. O-O {[%clk 1:28:29]} b4 {[%clk 1:32:40]} 8.
Nce2 {[%clk 1:27:28]} Nf6 {[%clk 1:33:03]} 9. Ng3 {[%clk 1:20:33]} h5 {[%clk
1:33:13]} 10. Re1 {[%clk 1:19:37]} h4 {[%clk 1:32:03]} 11. Nf1 {[%clk 1:19:46]}
h3 {[%clk 1:32:18]} 12. g3 {[%clk 1:18:00]} Be7 {[%clk 1:32:25]} 13. e5 {[%clk
1:10:21]} Nd5 {[%clk 1:32:11]} 14. Qg4 {[%clk 1:10:00]} Kf8 {[%clk 1:31:51]} 15.
Ne3 {[%clk 1:03:25]} Nxe3 {[%clk 1:30:54]} 16. Bxe3 {[%clk 1:02:52]} Qc7 {[%clk
1:31:09]} 17. Bd2 {[%clk 0:53:18]} Nc6 {[%clk 1:28:52]} 18. Nxc6 {[%clk 0:50:43]}
Qxc6 {[%clk 1:28:41]} 19. Be4 {[%clk 0:50:36]} Qb6 {[%clk 1:28:00]} 20. Bxb7
{[%clk 0:46:18]} Qxb7 {[%clk 1:26:55]} 21. Qe4 {[%clk 0:46:08]} Rb8 {[%clk
1:25:27]} 22. Qxb7 {[%clk 0:43:40]} Rxb7 {[%clk 1:25:07]} 23. Re4 {[%clk
0:43:31]} f5 {[%clk 1:22:42]} 24. Rc4 {[%clk 0:42:08]} Kf7 {[%clk 1:22:27]} 25.
Rd1 {[%clk 0:41:08]} Rhb8 {[%clk 1:22:16]} 26. Kf1 {[%clk 0:36:58]} Rb5 {[%clk
1:21:09]} 27. Be3 {[%clk 0:27:13]} R8b7 {[%clk 1:16:45]} 28. Bd4 {[%clk 0:26:02]}
Ra5 {[%clk 1:09:12]} 29. Ra1 {[%clk 0:24:20]} Rd5 {[%clk 1:09:09]} 30. Ke2 {[%clk
0:20:11]} d6 {[%clk 1:06:03]} 31. exd6 {[%clk 0:19:53]} Bxd6 {[%clk 1:06:29]} 32.
Rd1 {[%clk 0:15:54]} Be7 {[%clk 1:04:54]} 33. f4 {[%clk 0:12:23]} Rbd7 {[%clk
1:03:52]} 34. c3 {[%clk 0:10:51]} bxc3 {[%clk 0:55:52]} 35. bxc3 {[%clk 0:11:11]}
Rb5 {[%clk 0:56:03]} 36. Ra4 {[%clk 0:07:01]} Rb2+ {[%clk 0:50:39]} 37. Rd2
{[%clk 0:06:25]} Rdb7 {[%clk 0:50:38]} 38. Be3 {[%clk 0:04:52]} Rxd2+ {[%clk
0:45:16]} 39. Bxd2 {[%clk 0:05:12]} Rb1 {[%clk 0:45:41]} 40. Be1 {[%clk 0:04:57]}
Rb2+ {[%clk 0:46:07]} 41. Bd2 {[%clk 0:04:55]} Bc5 {[%clk 0:46:00]} 42. Rxa6
{[%clk 0:26:47]} Bg1 {[%clk 1:16:18]} 43. Rd6 {[%clk 0:26:08]} Bxh2 {[%clk
1:15:49]} 44. Kf3 {[%clk 0:25:54]} Bg1 {[%clk 1:13:43]} 45. Rd3 {[%clk 0:24:20]}
Rxa2 {[%clk 1:13:19]} 0-1

[Event "8th Vellmar Chess Days"]
[Site "chess24.com"]
[Date "2016.07.30"]
[Round "4"]
[White "George, Tom"]
[Black "Barath M"]
[Result "1-0"]
[Board "3"]
[WhiteElo "2044"]
[WhiteCountry "GER"]
[WhiteFideId "24659487"]
[WhiteEloChange "11"]
[BlackElo "2082"]
[BlackCountry "IND"]
[BlackFideId "25033450"]
[BlackEloChange "-11"]

1. e4 {[%clk 1:30:58]} c5 {[%clk 1:30:54]} 2. Nf3 {[%clk 1:31:17]} d6 {[%clk
1:31:16]} 3. d4 {[%clk 1:31:43]} cxd4 {[%clk 1:31:42]} 4. Nxd4 {[%clk 1:32:07]}
Nf6 {[%clk 1:32:07]} 5. Nc3 {[%clk 1:32:34]} a6 {[%clk 1:32:30]} 6. Be3 {[%clk
1:32:25]} e5 {[%clk 1:32:54]} 7. Nb3 {[%clk 1:32:48]} Be6 {[%clk 1:33:18]} 8. f4
{[%clk 1:32:25]} exf4 {[%clk 1:33:14]} 9. Bxf4 {[%clk 1:32:47]} Nc6 {[%clk
1:28:55]} 10. Qe2 {[%clk 1:32:09]} Be7 {[%clk 1:25:12]} 11. h3 {[%clk 1:32:07]}
Ne5 {[%clk 1:24:00]} 12. O-O-O {[%clk 1:27:12]} Qc7 {[%clk 1:17:19]} 13. Kb1
{[%clk 1:26:51]} b5 {[%clk 1:10:58]} 14. g4 {[%clk 1:26:43]} h6 {[%clk 1:08:19]}
15. Nd5 {[%clk 1:22:45]} Bxd5 {[%clk 1:06:38]} 16. exd5 {[%clk 1:21:13]} Nfd7
{[%clk 1:02:01]} 17. Bg2 {[%clk 1:18:31]} O-O {[%clk 1:00:30]} 18. h4 {[%clk
1:11:11]} Ng6 {[%clk 0:48:58]} 19. Bg3 {[%clk 1:05:34]} Rfe8 {[%clk 0:36:19]} 20.
Be4 {[%clk 0:58:28]} Bxh4 {[%clk 0:18:46]} 21. Bxh4 {[%clk 0:46:02]} Nxh4 {[%clk
0:19:10]} 22. Rxh4 {[%clk 0:42:50]} Nf6 {[%clk 0:19:39]} 23. Rd4 {[%clk 0:42:46]}
Re5 {[%clk 0:19:14]} 24. g5 {[%clk 0:39:03]} Rxg5 {[%clk 0:17:26]} 25. Bf3 {[%clk
0:36:33]} Re8 {[%clk 0:17:11]} 26. Qf1 {[%clk 0:37:02]} Rge5 {[%clk 0:15:54]} 27.
Rd1 {[%clk 0:36:35]} Qe7 {[%clk 0:13:50]} 28. Rh1 {[%clk 0:34:13]} Re3 {[%clk
0:12:07]} 29. Nd4 {[%clk 0:28:55]} Qe5 {[%clk 0:11:51]} 30. Qg2 {[%clk 0:24:00]}
Kf8 {[%clk 0:05:11]} 31. Rhg1 {[%clk 0:22:40]} g6 {[%clk 0:05:02]} 32. Rgf1
{[%clk 0:18:02]} Kg7 {[%clk 0:02:35]} 33. a3 {[%clk 0:15:42]} Nh7 {[%clk
0:02:11]} 34. Qd2 {[%clk 0:11:45]} Ng5 {[%clk 0:02:02]} 35. Qa5 {[%clk 0:09:37]}
Qg3 {[%clk 0:00:57]} 36. Bh1 {[%clk 0:07:47]} Ra8 {[%clk 0:00:49]} 37. Qc7 {[%clk
0:06:59]} Rf8 {[%clk 0:00:44]} 38. Ne6+ {[%clk 0:04:54]} Nxe6 {[%clk 0:01:01]}
39. dxe6 {[%clk 0:05:13]} Rxe6 {[%clk 0:00:58]} 40. Bd5 {[%clk 0:05:27]} Rf6
{[%clk 0:00:33]} 41. Rxf6 {[%clk 0:04:24]} Kxf6 {[%clk 0:00:58]} 42. Rf1+ {[%clk
0:04:53]} 1-0